[Event "Barcelona Sant Marti op-B 24th"]
[Site "Barcelona"]
[Date "2024.07.21"]
[Round "9"]
[White "Vigier Olive, Pau"]
[Black "Serradell Villa, Andrea"]
[Result "0-1"]
[WhiteElo "1308"]
[BlackElo "1566"]
[PlyCount "60"]
[EventDate "2024.07.13"]
[EventType "swiss"]
[EventRounds "9"]
[EventCountry "ESP"]
[SourceTitle "EXT 2025"]
[Source "ChessBase"]
[SourceDate "2024.10.14"]
[SourceVersion "1"]
[SourceVersionDate "2024.10.14"]
[SourceQuality "1"]

1. e4 e5 2. Bc4 Nf6 3. Qh5 Nxh5 4. Nf3 Nc6 5. d3 Bc5 6. Bg5 f6 7. 0-0 fxg5 8. Bd5 Nd4 9. Nxe5 Rf8 10. Bf7+ Rxf7 11. Nc3 Rf8 12. Rae1 d6 13. Ng4 Bxg4 14. e5 Be6 15. exd6 cxd6 16. Nb5 Nxb5 17. c4 Nd4 18. b3 Nf4 19. a3 d5 20. cxd5 Qf6 21. dxe6 Ndxe6 22. b4 Bd4 23. Re4 0-0-0 24. b5 Nc5 25. Ree1 Ncxd3 26. Rd1 Ne2+ 27. Kh1 Nxf2+ 28. Rxf2 Qxf2 29. a4 Qf1+ 30. Rxf1 Rxf1# 0-1

[Event "Barcelona Sant Marti op-B 24th"]
[Site "Barcelona"]
[Date "2024.07.17"]
[Round "5"]
[White "Mayurkumar Gandhi, Ram"]
[Black "Vigier Olive, Pau"]
[Result "1-0"]
[WhiteElo "1436"]
[BlackElo "1308"]
[PlyCount "49"]
[EventDate "2024.07.13"]
[EventType "swiss"]
[EventRounds "9"]
[EventCountry "ESP"]
[SourceTitle "EXT 2025"]
[Source "ChessBase"]
[SourceDate "2024.10.14"]
[SourceVersion "1"]
[SourceVersionDate "2024.10.14"]
[SourceQuality "1"]

1. e4 e5 2. Nf3 Bc5 3. Nxe5 Nf6 4. Nf3 Ng4 5. Qe2 0-0 6. d4 Bb4+ 7. Bd2 Bd6 8. Nc3 Nc6 9. Ng5 Nf6 10. e5 Qe7 11. exd6 Qxd6 12. Nge4 Qe6 13. d5 Nxd5 14. Nxd5 Qxd5 15. Nc3 Qf5 16. 0-0-0 d6 17. Qe4 Qd7 18. Bd3 Re8 19. Qxh7+ Kf8 20. Rhe1 f6 21. Bg6 Re7 22. Rxe7 Kxe7 23. Re1+ Kd8 24. Qh8+ Qe8 25. Qxe8# 1-0

[Event "Barcelona Sant Marti op-B 24th"]
[Site "Barcelona"]
[Date "2024.07.14"]
[Round "2"]
[White "Vigier Olive, Pau"]
[Black "Lozon Urena, Xavier"]
[Result "0-1"]
[WhiteElo "1308"]
[BlackElo "1649"]
[PlyCount "36"]
[EventDate "2024.07.13"]
[EventType "swiss"]
[EventRounds "9"]
[EventCountry "ESP"]
[SourceTitle "EXT 2025"]
[Source "ChessBase"]
[SourceDate "2024.10.14"]
[SourceVersion "1"]
[SourceVersionDate "2024.10.14"]
[SourceQuality "1"]

1. e4 Nf6 2. Nc3 d5 3. exd5 Nxd5 4. Nxd5 Qxd5 5. d4 Nc6 6. Be3 Bf5 7. Bd3 Bxd3 8. cxd3 Nxd4 9. Nh3 Qxg2 10. Qa4+ Nc6 11. Rf1 Qxh3 12. Bf4 0-0-0 13. Rc1 Qe6+ 14. Kd2 Qd5 15. Be3 Qxd3+ 16. Ke1 Nd4 17. Bxd4 Qxd4 18. Qb3 Qd2# 0-1